000 00783nam a2200229Ii 4500
003 JO-AjNU
008 230605s9999||||xx |||||||||||||| ||und||
017 _a1986/1011
040 _aJO-AjNU
_bara
_erda
_cJO-AjNU
041 _aara
050 1 4 _aNX452.L3.H3477 1986
100 3 _aحكيم، راضي تأليف,
_eauthor
_939373
245 0 0 _aفلسفة الفن عند سوزان لانجر
250 _aط1
264 3 1 _aبغداد:دار الشؤون الثقافية العامة .آفاق عربية, 1990
300 _a119ص
336 _atext
_btxt
_2rdacontent
337 _aunmediated
_bn
_2rdamedia
338 _avolume
_bnc
_2rdacarrier
490 0 _aآفاق سلسلة كتب شهيرة
650 4 _aالفن-العمل الفني-فن الموسيقى
_939374
999 _aA16623
_c20191
_d20191